England - C & D - Statistics

General Stats
  • This quiz has been taken 24 times
  • The average score is 11 of 15
Answer Stats
Hint Answer % Correct
City in Kent which is a point of pilgrimage and also has a series of Tales named after it Canterbury
95%
Port in Kent Dover
95%
Area of London with famous 'Pensioners' Chelsea
80%
Longest running UK drama serial Coronation Street
80%
South western county famous for cream teas Devon
80%
UK Sci-Fi series which started in 1963 Doctor Who
80%
Town which hosts the famous Gold Cup horse race Cheltenham
75%
Series of Pinewood Studios comedy films which were produced between 1958 and 1992 Carry On
70%
Ancient city near Liverpool and also near the Welsh border Chester
70%
County which shares a border with only one other Cornwall
70%
County formed in 1974 from the former counties of Westmorland & Cumberland Cumbria
70%
First name of London born TV presenter, comedian and singer O'Connor Des
70%
City and County in the North East Durham
70%
Surname of London comedian Jim who once presented the Generation Game on TV Davidson
50%
'Crown' type of porcelain Derby
40%
No matching quizzes found
Score Distribution
Percent of People with Each Score
Percentile by Number Answered
Your Score History
You have not taken this quiz